00760nas a2200229Ia 4500001001200000003001000012008004100022040002500063041001300088100005000101210001800151222001800169245006100187250001100248260000900259501012300268300001100391362001900402500005100421650003400472700002400506dg98-42348 IT-MiCISF161014c99999999xx |||||||||||| ||und|| aIT-MiCISFcIT-MiCISF aITALIANO aCentro informazione supporto e documentazione aCised appunti aCised appunti 0aXXS. I servizi alla prima infanzia in provincia di Lecco a1a ed. c2005 bCISF - Centro Internazionale Studi Famiglia - Via Giotto, 36 20145 MILANO (non commercial uses only)cCopyright 2016 app. 88 a aprile [2005] a Tema: servizi-infanzia, territorio, indirizzi aservizi alla personavdossier a Provincia di Lecco